| 000 | 01109nas a2200277 4500 | ||
|---|---|---|---|
| 001 | BR8401337 | ||
| 003 | BR-BrBNA | ||
| 005 | 20231205085831.0 | ||
| 007 | ta | ||
| 008 | 230509b bl.|||p| |||| 00| 00por d | ||
| 040 |
_aBR-BrBNA _bpor _cBiblioteca Nacional de Agricultura |
||
| 041 | _a(Pt) | ||
| 072 | _aL73 | ||
| 100 | 1 | _aOliveira, S.J. de | |
| 100 | 1 | _aFallavena, L.C.B. | |
| 100 | 1 | _aPianta, C. | |
| 245 | 1 | _aLeptospirose em suinos no Rio Grande do Sul. Isolamento e caracterizacao dos agentes. Estudos em suinos abatidos em frigorificos e em granjas com problemas de reproducao [Brasil] | |
| 246 | 1 | _aSwine leptospirosis in Rio Grande do Sul. Isolation and characterization of its agents. Study on swines having reproduction problems and slaughtered in stores and farms [Brazil] | |
| 650 | _aSUÍNO | ||
| 650 | _aLEPTOSPIROSE | ||
| 650 | _aABATE | ||
| 650 | _aRIO GRANDE DO SUL | ||
| 773 | 0 |
_tArquivo Brasileiro de Medicina Veterinaria e Zootecnia (Brazil) _xISSN 0365-8384 _g(Oct 1983), v. 35(5) p. 641-650 _wBR8401337 |
|
| 909 |
_a202311 _bLúcia _c55 _dLúcia Elande |
||
| 942 |
_2AGRIS _n0 _cANA |
||
| 999 |
_c114146 _d114146 |
||